000 00650nam a2200217#a 4500
001 00366
003 HDC
007 ta
008 230623s2005 xx 000 0 eng d
040 _aHDC
050 _aOIC HF 3868
_b.O36 2005
245 0 _aOIC trade directory /
_c In collaboration with : Malaysia OIC Trade Chamber, Malaysia Islamic Chamber of Commerce - Kuala Lumpur
250 _a2nd ed.
264 _aKuala Lumpur :
_bRamcel Media,
_c2005
300 _av. (various pagings) :
_b col. ill. ;
_c 31cm
650 _aIslamic countries
_xCommerce
_vDirectories
942 _2lcc
942 _cBK
942 _kOIC HF 3868
942 _m.O36 2005
999 _c22007
_d22007